Desarrollo de un modelo matemático para pruebas hidrostáticas en tuberías que transportan petróleo líquido y sus derivados
Guardado en:
| 主要作者: | |
|---|---|
| 其他作者: | |
| 格式: | 圖書 |
| 出版: |
[San José , Costa Rica]
1996
|
| 主題: | |
| 標簽: |
添加標簽
沒有標簽, 成為第一個標記此記錄!
|
MARC
| LEADER | 00000nam a2200000Ia 4500 | ||
|---|---|---|---|
| 003 | 007930 | ||
| 005 | 20221231144246.0 | ||
| 008 | 140114s1996 cr a m 000 ||sp d | ||
| 040 | |c cru CEDI | ||
| 090 | |a TFG 3471 | ||
| 100 | |a Montoya Ramírez, Erick Fernando |9 10335 | ||
| 245 | |a Desarrollo de un modelo matemático para pruebas hidrostáticas en tuberías que transportan petróleo líquido y sus derivados | ||
| 260 | |c 1996 |a [San José , Costa Rica] | ||
| 300 | |a xxiii, [383] hojas : ilustraciones (algunas a color) | ||
| 500 | |a Proyecto de graduación (licenciatura en ingeniería mecánica)--Universidad de Costa Rica. Facultad de Ingeniería. Escuela de Ingeniería Mecánica | ||
| 650 | |x HIDROSTATICA |x OLEODUCTOS |x PRUEBAS |x COSTA RICA |x MODELOS MATEMATICOS |9 10337 | ||
| 700 | |9 10336 |a Rojas Coto, Claudio Alberto | ||
| 942 | |c TFG | ||
| 999 | |c 19212 |d 19212 | ||
